000 00548nam a2200181Ia 4500
008 220216s9999 xx 000 0 und d
100 _aAbraham J
245 2 _aA rapid non-digestion method for determination of K, Ca and Mg in leaf samples of Hevea brasiliensis
260 _bIndian Journal of Natural Rubber Research
_c1994
300 _a57-58
650 _aDry ash method
650 _aHCl extraction method
650 _aHevea brasiliensis
700 _aKarthikakuttyamma M
700 _aMathew M
700 _aSuresh P R
942 _cJS
999 _c53541
_d53541